Algebra / Stanley A. Smith..[et.al] (Registro nro. 13247)
[ vista simple ]
| 000 -LÍDER | |
|---|---|
| fixed length control field | 00517nam a2200157 4500 |
| 008 - ELEMENTOS DE LONGITUD FIJA -- INFORMACIÓN GENERAL | |
| fixed length control field | 0 2001 0a 000 0MEX |
| 020 ## - NÚMERO INTERNACIONAL NORMALIZADO PARA LIBROS | |
| ISBN | 968-444-280-7 |
| 050 ## - SIGNATURA TOPOGRAFICA DE LA BIBLIOTECA DEL CONGRESO (LC) | |
| Número de Clasificación | QA154.2 S618 2001 |
| 082 ## - NUMERO DE CLASIFICACION DECIMAL DEWEY | |
| Número de Clasificación | 512 S659a |
| 100 ## - ASIENTO PRINCIPAL--NOMBRE PERSONAL | |
| Nombre personal | Smith, Stanley A. |
| 245 ## - TÍTULO | |
| Título | Algebra / Stanley A. Smith..[et.al] |
| 260 ## - PUBLICACIÓN, DISTRIBUCIÓN, ETC. (PIE DE IMPRENTA) | |
| Lugar de publicación, distribución, etc. | México : Pearson Educación |
| 300 ## - DESCRIPCIÓN FÍSICA | |
| Extensión | 659 p. / 24 cm. |
| 650 ## - ASIENTO SECUNDARIO DE MATERIA - TERMINO TEMÁTICO | |
| Término temático o nombre geográfico como elemento de entrada | 1.ALGEBRA |
| 700 ## - ASIENTO SECUNDARIO - NOMBRE PERSONAL | |
| Nombre personal | Charles, Randall I. Coaut. \ Dossey, John A. Coaut. \ Keedy, Mervin L. Coaut. \ Bittinger, Marvin L. Coaut. |
| No. biblioteca | No. biblioteca | Número de clasificación | Código de barras/Número de adquisición | Número de copia | Tipo de material |
|---|---|---|---|---|---|
| LUIS G. INCLAN | LUIS G. INCLAN | 512 S659a | 41556 | 1 | Libros |
| LUIS G. INCLAN | LUIS G. INCLAN | 512 S659a | 41557 | 2 | Libros |
| LUIS G. INCLAN | LUIS G. INCLAN | 512 S659a | 41558 | 3 | Libros |
